Applied thermodynamics for engineering technologists (Record no. 10734)

000 -LEADER
fixed length control field 00547nam a2200205u 4500
001 - CONTROL NUMBER
control field 10734
003 - CONTROL NUMBER IDENTIFIER
control field BD-DhUET
008 - FIXED-LENGTH DATA ELEMENTS--GENERAL INFORMATION
fixed length control field 810312q1963 enk 000 0 eng
040 ## - CATALOGING SOURCE
Original cataloging agency DLC
Transcribing agency DLC
Modifying agency BD-DhUET
082 ## - DEWEY DECIMAL CLASSIFICATION NUMBER
Classification number 621.01
Item number EAS/1963
100 ## - MAIN ENTRY--PERSONAL NAME
Personal name Eastop, T. D.
245 10 - TITLE STATEMENT
Title Applied thermodynamics for engineering technologists
250 ## - EDITION STATEMENT
Edition statement 1st ed.
260 ## - PUBLICATION, DISTRIBUTION, ETC. (IMPRINT)
Place of publication, distribution, etc. London
Name of publisher, distributor, etc. Longmans
Date of publication, distribution, etc. 1963
300 ## - PHYSICAL DESCRIPTION
Extent xi, 788p.
Other physical details ill.
504 ## - BIBLIOGRAPHY, ETC. NOTE
Bibliography, etc Includes bibliographies
650 #0 - SUBJECT ADDED ENTRY--TOPICAL TERM
Topical term or geographic name as entry element Thermodynamics, Engineering
700 ## - ADDED ENTRY--PERSONAL NAME
Personal name McConkey, A.
942 ## - ADDED ENTRY ELEMENTS (KOHA)
Koha item type General Book
Holdings
Lost status Piece designation (barcode) Date acquired Copy number Koha date last borrowed Source of classification or shelving scheme Koha normalized classification for sorting Withdrawn status Location (home branch) Not for loan Koha item type Price effective from Sublocation or collection (holding branch) Koha date last seen Damaged status Koha issues (times borrowed) Koha full call number Shelving location
 238142015-02-091  621_010000000000000_EAS_1963 Central Library, BUET General Book2015-02-09Central Library, BUET2015-02-09  621.01/EAS/1963Circulation section
 37422015-04-1622024-09-17 621_010000000000000_EAS_1963 Central Library, BUET General Book2015-04-16Central Library, BUET2024-10-19 1621.01/EAS/1963Circulation section
 182582015-04-273  621_010000000000000_EAS_1963 Central Library, BUET General Book2015-04-27Central Library, BUET2015-04-27  621.01/EAS/1963Circulation section
 182562015-06-164  621_010000000000000_EAS_1963 Central Library, BUET Reading Item2015-06-16Central Library, BUET2015-06-16  621.01/EAS/1963Reading section